000 00360 a2200157 4500
001 156958
020 _a8532248764
040 _cEscola São Tomás de Aquino
100 _aCARRASCO, Walcyr
240 1 0 _aO mistério da gruta
_lpor
245 1 0 _aO mistério da gruta
300 _a56 p.
362 0 _a2002
697 _a*LITERATURA JUVENIL
942 _cBK
999 _c156958
_d156958